00414nam a22001577a 4500003000400000005001700004008004100021020001800062040000900080082002200089100001900111245005700130250001800187260004300205300000800248OSt20221110144409.0221103b ||||| |||| 00| 0 eng d a9781849738804 coclc a641.300154bCOU/F aCoultate, Tom  aFood the chemistry of its components /cTom coultate aSixth edition aUK:bRoyal society of chemistry,c2016 a599